[Event "Speed Chess Q2"]
[Site "Chess.com INT"]
[Date "2022.11.12"]
[Round "12"]
[White "Mezhlumyan, Vahram"]
[Black "Grandelius, Nils"]
[Result "0-1"]
[WhiteElo "2208"]
[BlackElo "2657"]
[PlyCount "86"]
[EventDate "2022.11.12"]
[EventType "swiss (blitz)"]
[EventRounds "14"]
[EventCountry "USA"]
[SourceTitle "CBM 211 Extra"]
[Source "ChessBase"]
[SourceDate "2023.01.31"]
[SourceVersion "1"]
[SourceVersionDate "2023.01.31"]
[SourceQuality "1"]

1. d4 d5 2. c4 e6 3. Nc3 a6 4. cxd5 exd5 5. Nf3 h6 6. Bf4 Nf6 7. e3 Bd6 8. Bxd6 Qxd6 9. Bd3 Bg4 10. h3 Bxf3 11. Qxf3 Nbd7 12. 0-0 0-0 13. Rac1 c6 14. a3 Rfe8 15. b4 a5 16. Rb1 b5 17. Rfc1 Nb6 18. e4 axb4 19. e5 Qd8 20. axb4 Nfd7 21. Ne2 Nc4 22. Nf4 Nd2 23. Qg4 Nxb1 24. h4 Nxe5 25. dxe5 Rxe5 26. Rxb1 Qc8 27. Qg3 Qe8 28. Kh2 Kf8 29. Rc1 Rd8 30. Qf3 Rd6 31. Ng6+ Rxg6 32. Bxg6 Re6 33. Bd3 Qe7 34. g3 Qxb4 35. Qf5 g6 36. Qf3 Qd4 37. Rc2 Kg7 38. Ra2 b4 39. Ra8 Rf6 40. Qd1 Rxf2+ 41. Kh3 h5 42. Re8 b3 43. Qxb3 Qg4# 0-1

[Event "Speed Chess Q2"]
[Site "Chess.com INT"]
[Date "2022.11.12"]
[Round "10"]
[White "Mezhlumyan, Vahram"]
[Black "Jegorovas, Aleksandras"]
[Result "0-1"]
[WhiteElo "2208"]
[BlackElo "2270"]
[PlyCount "60"]
[EventDate "2022.11.12"]
[EventType "swiss (blitz)"]
[EventRounds "14"]
[EventCountry "USA"]
[SourceTitle "CBM 211 Extra"]
[Source "ChessBase"]
[SourceDate "2023.01.31"]
[SourceVersion "1"]
[SourceVersionDate "2023.01.31"]
[SourceQuality "1"]

1. d4 e6 2. c4 Nf6 3. Nf3 Nc6 4. Nc3 Bb4 5. Qc2 d5 6. e3 0-0 7. Bd3 a6 8. cxd5 exd5 9. 0-0 Bd6 10. h3 Nb4 11. Qe2 Nxd3 12. Qxd3 c6 13. Ne5 Qe7 14. f4 Ne4 15. Bd2 Bf5 16. Qe2 f6 17. Nf3 Rae8 18. Nxe4 Bxe4 19. Ne1 f5 20. Rc1 Kh8 21. Nd3 Bxd3 22. Qxd3 Qe4 23. Qc3 Rg8 24. Rf3 g5 25. fxg5 Rxg5 26. Rcf1 Reg8 27. R1f2 Rxg2+ 28. Rxg2 Qxf3 29. Rxg8+ Kxg8 30. Qb3 Bg3 0-1

[Event "Speed Chess Q2"]
[Site "Chess.com INT"]
[Date "2022.11.12"]
[Round "7"]
[White "Mezhlumyan, Vahram"]
[Black "Miszler, Levente"]
[Result "1-0"]
[WhiteElo "2208"]
[BlackElo "2276"]
[PlyCount "45"]
[EventDate "2022.11.12"]
[EventType "swiss (blitz)"]
[EventRounds "14"]
[EventCountry "USA"]
[SourceTitle "CBM 211 Extra"]
[Source "ChessBase"]
[SourceDate "2023.01.31"]
[SourceVersion "1"]
[SourceVersionDate "2023.01.31"]
[SourceQuality "1"]

1. d4 Nf6 2. c4 e6 3. Nf3 b6 4. a3 Bb7 5. Nc3 Be7 6. d5 0-0 7. e4 d6 8. Bd3 e5 9. 0-0 Nbd7 10. b4 a5 11. Bd2 c6 12. dxc6 Bxc6 13. Qb3 Re8 14. h3 Nf8 15. Rfe1 Ne6 16. Be3 Qc7 17. Rac1 Qb7 18. Nd5 axb4 19. axb4 Bxd5 20. cxd5 Nc7 21. Rc6 b5 22. Rec1 Na6 23. Rb6 1-0

[Event "Titled Tuesday intern op 1st Oct"]
[Site "Chess.com INT"]
[Date "2019.10.01"]
[Round "3"]
[White "Diaz Villagran, Robert"]
[Black "Mezhlumyan, Vahram"]
[Result "1-0"]
[WhiteElo "2325"]
[BlackElo "2208"]
[PlyCount "93"]
[EventDate "2019.10.01"]
[EventType "swiss (blitz)"]
[EventRounds "10"]
[EventCountry "USA"]
[SourceTitle "EXT 2021"]
[Source "ChessBase"]
[SourceDate "2020.10.23"]
[SourceVersion "1"]
[SourceVersionDate "2020.10.23"]
[SourceQuality "1"]

1. e4 c6 2. d3 d5 3. Nd2 Nf6 4. Ngf3 Bg4 5. h3 Bxf3 6. Qxf3 e6 7. g4 Nbd7 8. Bg2 d4 9. g5 Ng8 10. Qg3 e5 11. Nc4 Qc7 12. h4 b5 13. Nd2 Ne7 14. Bh3 Ng6 15. Nf3 Bb4+ 16. Kf1 h5 17. Nxd4 Nc5 18. Nf5 Ne6 19. c3 Ba5 20. Be3 Rd8 21. Rd1 0-0 22. Kg1 Bb6 23. Bf1 Nef4 24. Qf3 c5 25. Rh2 a5 26. Ng3 c4 27. dxc4 bxc4 28. Nxh5 Nxh5 29. Qxh5 Qa7 30. Rxd8 Rxd8 31. Qf3 Bxe3 32. fxe3 Nf4 33. Bxc4 Qc5 34. Bf1 Rd7 35. h5 Ne6 36. Rf2 Nxg5 37. Qg4 Qxe3 38. Qxd7 Nf3+ 39. Kg2 Ne1+ 40. Kg1 Qg3+ 41. Bg2 Qe3 42. Qc8+ Kh7 43. Qf5+ Kh6 44. Qh3 Qg5 45. Kh2 f6 46. Qg3 Qc1 47. Qg6# 1-0

[Event "Titled Tuesday intern op 1st Oct"]
[Site "Chess.com INT"]
[Date "2019.10.01"]
[Round "2"]
[White "Mezhlumyan, Vahram"]
[Black "Burke, Paul"]
[Result "1-0"]
[WhiteElo "2208"]
[BlackElo "1869"]
[PlyCount "77"]
[EventDate "2019.10.01"]
[EventType "swiss (blitz)"]
[EventRounds "10"]
[EventCountry "USA"]
[SourceTitle "EXT 2021"]
[Source "ChessBase"]
[SourceDate "2020.10.23"]
[SourceVersion "1"]
[SourceVersionDate "2020.10.23"]
[SourceQuality "1"]

1. d4 Nf6 2. c4 c5 3. d5 Ne4 4. Qc2 Qa5+ 5. Nd2 Nf6 6. e4 d6 7. Bd3 g6 8. Ngf3 Na6 9. 0-0 Nb4 10. Qc3 Qb6 11. a3 Na6 12. e5 dxe5 13. Nxe5 Bg7 14. f4 0-0 15. Ndf3 Ng4 16. h3 Nxe5 17. fxe5 Qc7 18. Bf4 Qd8 19. Rad1 Bd7 20. Bc2 Nc7 21. Qe3 b6 22. Ng5 h6 23. Ne4 Kh7 24. Ng3 Rh8 25. Nh5 Kg8 26. Nxg7 Kxg7 27. e6 Be8 28. Qe5+ f6 29. Qxc7 Qxc7 30. Bxc7 Rc8 31. d6 exd6 32. Bxd6 Bc6 33. e7 Rce8 34. Rfe1 Kf7 35. Bc7 f5 36. Bd8 Ba8 37. Rd6 Rhg8 38. Ree6 Kg7 39. Rxg6+ 1-0

[Event "Titled Tuesday intern op 1st Oct"]
[Site "Chess.com INT"]
[Date "2019.10.01"]
[Round "4"]
[White "Mezhlumyan, Vahram"]
[Black "Leiva Rodriguez, Jeammarco Giuseppe"]
[Result "0-1"]
[WhiteElo "2208"]
[BlackElo "2401"]
[PlyCount "100"]
[EventDate "2019.10.01"]
[EventType "swiss (blitz)"]
[EventRounds "10"]
[EventCountry "USA"]
[SourceTitle "EXT 2021"]
[Source "ChessBase"]
[SourceDate "2020.10.23"]
[SourceVersion "1"]
[SourceVersionDate "2020.10.23"]
[SourceQuality "1"]

1. d4 Nf6 2. c4 e6 3. Nf3 b6 4. Nc3 Bb7 5. a3 d5 6. cxd5 Nxd5 7. Qc2 Be7 8. e4 Nxc3 9. bxc3 0-0 10. Bd3 c5 11. 0-0 Nd7 12. Bf4 Rc8 13. Qe2 c4 14. Bc2 b5 15. Rfe1 a6 16. h4 Bxh4 17. a4 Re8 18. axb5 axb5 19. Rab1 Bc6 20. g3 Bf6 21. Kg2 e5 22. Bd2 exd4 23. cxd4 Nb6 24. Bc3 Nd5 25. Qd2 Nxc3 26. Qxc3 Qd7 27. Qb4 Be7 28. Qc3 b4 29. Qe3 b3 30. Bd1 Bb4 31. Ne5 Rxe5 32. dxe5 Bxe1 33. Qxe1 Qd4 34. Bf3 b2 35. Qb4 Bxe4 36. Qxb2 c3 37. Qb8 Bxf3+ 38. Kxf3 Qd5+ 39. Ke2 Qc4+ 40. Ke1 c2 41. Qxc8+ Qxc8 42. Rc1 Qc3+ 43. Ke2 g5 44. f4 g4 45. f5 h5 46. e6 fxe6 47. fxe6 Kf8 48. Rf1+ Ke7 49. Rc1 Kxe6 50. Kf2 Ke5 0-1

[Event "Titled Tuesday intern op 7th May"]
[Site "Chess.com INT"]
[Date "2019.05.07"]
[Round "8"]
[White "Mezhlumyan, Vahram"]
[Black "Golubka, Petr"]
[Result "0-1"]
[WhiteElo "2208"]
[BlackElo "2498"]
[PlyCount "94"]
[EventDate "2019.05.07"]
[EventType "swiss (blitz)"]
[EventRounds "10"]
[EventCountry "USA"]
[SourceTitle "EXT 2021"]
[Source "ChessBase"]
[SourceDate "2020.10.23"]
[SourceVersion "1"]
[SourceVersionDate "2020.10.23"]
[SourceQuality "1"]

1. d4 d5 2. c4 e6 3. Nc3 Be7 4. Nf3 Nf6 5. Bg5 0-0 6. e3 Nbd7 7. cxd5 Nxd5 8. Bxe7 Qxe7 9. Nxd5 exd5 10. Rc1 c6 11. Bd3 Nf6 12. Ne5 Nd7 13. Nxd7 Bxd7 14. 0-0 a5 15. Qc2 g6 16. Qc5 Qxc5 17. Rxc5 b6 18. Rc3 Rfe8 19. Rfc1 Kf8 20. b3 Ke7 21. a3 Kd6 22. g3 f5 23. Kg2 h6 24. h4 g5 25. hxg5 hxg5 26. Rh1 Rh8 27. Rcc1 c5 28. Rxh8 Rxh8 29. Rh1 Rxh1 30. Kxh1 b5 31. dxc5+ Kxc5 32. Kg2 d4 33. Kf3 b4 34. a4 Be6 35. Bc2 d3 36. Bxd3 Bxb3 37. Bxf5 Bxa4 38. Ke2 b3 39. Kd2 Kb4 40. f4 gxf4 41. exf4 Bb5 42. Be6 a4 43. f5 a3 44. f6 Be8 45. Kc1 b2+ 46. Kc2 Bg6+ 47. Bf5 Bxf5+ 0-1

[Event "Titled Tuesday intern op 7th May"]
[Site "Chess.com INT"]
[Date "2019.05.07"]
[Round "3"]
[White "Mezhlumyan, Vahram"]
[Black "Salimova, Nurgyul"]
[Result "1-0"]
[WhiteElo "2208"]
[BlackElo "2416"]
[PlyCount "49"]
[EventDate "2019.05.07"]
[EventType "swiss (blitz)"]
[EventRounds "10"]
[EventCountry "USA"]
[SourceTitle "EXT 2021"]
[Source "ChessBase"]
[SourceDate "2020.10.23"]
[SourceVersion "1"]
[SourceVersionDate "2020.10.23"]
[SourceQuality "1"]

1. d4 Nf6 2. c4 e6 3. Nf3 d5 4. Nc3 c6 5. Bg5 dxc4 6. e4 b5 7. e5 h6 8. Bh4 g5 9. Nxg5 hxg5 10. Bxg5 Be7 11. exf6 Bxf6 12. Bxf6 Qxf6 13. Be2 Rh4 14. 0-0 Rxd4 15. Qc2 Bb7 16. Bf3 Rf4 17. Ne4 Qe5 18. Rad1 Ke7 19. Nd6 Ba6 20. Rfe1 Qg5 21. Qd2 Kf8 22. Ne4 Qf5 23. Ng3 Qg5 24. Qd6+ Kg8 25. Re5 1-0

[Event "Titled Tuesday intern op 7th Aug"]
[Site "Chess.com INT"]
[Date "2018.08.07"]
[Round "5"]
[White "Janaszak, Dawid"]
[Black "Mezhlumyan, Vahram"]
[Result "1-0"]
[WhiteElo "2362"]
[BlackElo "2208"]
[PlyCount "41"]
[EventDate "2018.08.07"]
[EventType "swiss (blitz)"]
[EventRounds "10"]
[EventCountry "USA"]
[SourceTitle "EXT 2021"]
[Source "ChessBase"]
[SourceDate "2020.10.23"]
[SourceVersion "1"]
[SourceVersionDate "2020.10.23"]
[SourceQuality "1"]

1. c4 e6 2. g3 d5 3. Bg2 Nf6 4. Nf3 Be7 5. 0-0 0-0 6. d4 c5 7. cxd5 exd5 8. Nc3 Nc6 9. dxc5 Bxc5 10. Na4 Be7 11. Be3 Bg4 12. Rc1 Rc8 13. Nc5 Bxc5 14. Bxc5 Re8 15. Re1 Ne4 16. Be3 d4 17. Nxd4 Nxd4 18. Qxd4 Rxc1 19. Rxc1 Qxd4 20. Bxd4 Bxe2 21. Bxe4 1-0

[Event "Titled Tuesday intern op 7th Aug"]
[Site "Chess.com INT"]
[Date "2018.08.07"]
[Round "2"]
[White "Kislov, Oleg"]
[Black "Mezhlumyan, Vahram"]
[Result "0-1"]
[WhiteElo "2249"]
[BlackElo "2208"]
[PlyCount "92"]
[EventDate "2018.08.07"]
[EventType "swiss (blitz)"]
[EventRounds "10"]
[EventCountry "USA"]
[SourceTitle "EXT 2021"]
[Source "ChessBase"]
[SourceDate "2020.10.23"]
[SourceVersion "1"]
[SourceVersionDate "2020.10.23"]
[SourceQuality "1"]

1. e4 c6 2. d4 d5 3. Nc3 dxe4 4. Nxe4 Nf6 5. Nxf6+ gxf6 6. c3 Bf5 7. Bd3 Bg6 8. Ne2 Nd7 9. Ng3 e6 10. 0-0 f5 11. Re1 h5 12. Nxf5 h4 13. h3 Bxf5 14. Bxf5 Qf6 15. Qf3 0-0-0 16. Be4 Qxf3 17. Bxf3 Bd6 18. a4 Kc7 19. b3 Rhg8 20. Ba3 c5 21. Rad1 b6 22. Rd3 Bf8 23. Red1 c4 24. R3d2 Bxa3 25. b4 a5 26. Rb1 axb4 27. cxb4 Ra8 28. Bxa8 Rxa8 29. Ra2 Rxa4 30. Rba1 Nf6 31. Rxa3 Rxb4 32. Ra7+ Kc6 33. Rxf7 Nd5 34. Re1 Kd6 35. Rh7 c3 36. Rxh4 c2 37. Rhe4 Rb1 38. Rxe6+ Kd7 39. R6e5 c1Q 40. Rxc1 Rxc1+ 41. Kh2 Kd6 42. h4 b5 43. h5 b4 44. h6 b3 45. h7 Rc8 46. Re3 Nxe3 0-1

[Event "Titled Tuesday intern op 17th April"]
[Site "Chess.com INT"]
[Date "2018.04.17"]
[Round "9"]
[White "Mezhlumyan, Vahram"]
[Black "Li, William"]
[Result "1-0"]
[WhiteElo "2158"]
[BlackElo "1918"]
[PlyCount "35"]
[EventDate "2018.04.17"]
[EventType "swiss (blitz)"]
[EventRounds "10"]
[EventCountry "USA"]
[SourceTitle "EXT 2021"]
[Source "ChessBase"]
[SourceDate "2020.10.23"]
[SourceVersion "1"]
[SourceVersionDate "2020.10.23"]
[SourceQuality "1"]

1. d4 Nf6 2. c4 e6 3. Nf3 b6 4. a3 Ba6 5. Qc2 Bb7 6. Nc3 c5 7. d5 exd5 8. cxd5 Nxd5 9. Bg5 Nf6 10. g3 Be7 11. Bg2 0-0 12. Rd1 d5 13. 0-0 d4 14. Bxf6 Bxf6 15. Ng5 d3 16. Rxd3 Qc8 17. Bxb7 Qxb7 18. Rd7 1-0

[Event "Titled Tuesday intern op 17th April"]
[Site "Chess.com INT"]
[Date "2018.04.17"]
[Round "1"]
[White "Mezhlumyan, Vahram"]
[Black "Tabatabaei, Mohammad Amin"]
[Result "1/2-1/2"]
[WhiteElo "2158"]
[BlackElo "2592"]
[PlyCount "130"]
[EventDate "2018.04.17"]
[EventType "swiss (blitz)"]
[EventRounds "10"]
[EventCountry "USA"]
[SourceTitle "EXT 2021"]
[Source "ChessBase"]
[SourceDate "2020.10.23"]
[SourceVersion "1"]
[SourceVersionDate "2020.10.23"]
[SourceQuality "1"]

1. d4 e6 2. c4 b6 3. e4 Bb7 4. Nc3 Bb4 5. Bd3 f5 6. Qh5+ g6 7. Qe2 fxe4 8. Bxe4 Bxe4 9. Qxe4 Nc6 10. Nf3 Nf6 11. Qe2 0-0 12. 0-0 Bxc3 13. bxc3 Qe7 14. Bh6 Rfe8 15. Bg5 Qf7 16. Ne5 Nxe5 17. dxe5 Nh5 18. f4 d5 19. g4 Ng7 20. Bf6 c6 21. cxd5 cxd5 22. c4 dxc4 23. Qxc4 Rec8 24. Qe4 Ne8 25. f5 Nxf6 26. exf6 exf5 27. gxf5 Qxf6 28. Qd5+ Kh8 29. fxg6 Qxg6+ 30. Kh1 Rf8 31. Qb7 Rxf1+ 32. Rxf1 Rg8 33. Qf3 Qg7 34. Qf6 Qxf6 35. Rxf6 Kg7 36. Rc6 Rf8 37. Kg2 Rf6 38. Rc2 a5 39. a4 Kg6 40. Kg3 Rd6 41. Kf3 Kf5 42. Rc7 Rd4 43. Rxh7 Rxa4 44. Rh5+ Ke6 45. Rh6+ Kd5 46. Rxb6 Kc5 47. Rb8 Rb4 48. Ra8 Kb5 49. Kg3 a4 50. h4 Rc4 51. h5 Kb4 52. h6 Rc7 53. Kg4 a3 54. Kg5 Kb3 55. Kg6 Rc6+ 56. Kg7 Rc7+ 57. Kg6 Rc1 58. h7 Rg1+ 59. Kf6 Rf1+ 60. Ke5 Rh1 61. h8Q Rxh8 62. Rxh8 a2 63. Ra8 Kb2 64. Kd4 a1Q 65. Rxa1 Kxa1 1/2-1/2

[Event "Titled Tuesday intern op 17th April"]
[Site "Chess.com INT"]
[Date "2018.04.17"]
[Round "4"]
[White "Mohammad, Nubairshah Shaikh"]
[Black "Mezhlumyan, Vahram"]
[Result "1-0"]
[WhiteElo "2431"]
[BlackElo "2158"]
[PlyCount "63"]
[EventDate "2018.04.17"]
[EventType "swiss (blitz)"]
[EventRounds "10"]
[EventCountry "USA"]
[SourceTitle "EXT 2021"]
[Source "ChessBase"]
[SourceDate "2020.10.23"]
[SourceVersion "1"]
[SourceVersionDate "2020.10.23"]
[SourceQuality "1"]

1. d4 d5 2. c4 e6 3. Nc3 Nf6 4. cxd5 exd5 5. Bg5 c6 6. e3 Be7 7. Bd3 Nbd7 8. Nf3 0-0 9. Qc2 Re8 10. 0-0 Nf8 11. Rab1 a5 12. a3 Ne4 13. Bxe7 Qxe7 14. b4 axb4 15. axb4 Bg4 16. Bxe4 dxe4 17. Nd2 f5 18. h3 Bh5 19. b5 Ng6 20. bxc6 bxc6 21. Rb6 Nh4 22. Rxc6 Qg5 23. g3 Nf3+ 24. Nxf3 Bxf3 25. Nd5 h5 26. h4 Qd8 27. Qc4 Kh7 28. Nc7 f4 29. Qf7 Re7 30. Qf5+ Kh8 31. Nxa8 Qxa8 32. Rc8+ 1-0

[Event "Yerevan Petrosian Memorial op"]
[Site "Yerevan"]
[Date "2004.11.19"]
[Round "1"]
[White "Iljushin, Alexei"]
[Black "Mezhlumyan, Vahram"]
[Result "1-0"]
[WhiteElo "2534"]
[BlackElo "2198"]
[PlyCount "83"]
[EventDate "2004.11.18"]
[EventType "swiss"]
[EventRounds "9"]
[EventCountry "ARM"]
[SourceTitle "CBM 103 Extra"]
[Source "ChessBase"]
[SourceDate "2005.01.01"]
[SourceVersion "1"]
[SourceVersionDate "2005.01.01"]
[SourceQuality "1"]

1. d4 d5 2. c4 e6 3. Nf3 Nf6 4. g3 c5 5. cxd5 exd5 6. Bg2 Nc6 7. 0-0 Be7 8. dxc5 Bxc5 9. a3 a5 10. Bg5 0-0 11. Nc3 d4 12. Bxf6 Qxf6 13. Nd5 Qd8 14. Nd2 Bg4 15. h3 Bxh3 16. Bxh3 Qxd5 17. Bg2 Qe6 18. Rc1 Ba7 19. Ne4 Rfe8 20. Nc5 Qh6 21. Nd3 Rab8 22. Bf3 Ne7 23. Qa4 Qg5 24. Kg2 h5 25. Rh1 g6 26. Rh3 Kg7 27. Nf4 Rh8 28. Rc7 b5 29. Qxa5 Bb6 30. Qd2 Qf6 31. Rd7 Rbd8 32. Rb7 Rd6 33. Qd3 h4 34. Qe4 Nf5 35. g4 d3 36. Nxd3 Re6 37. Qf4 Nd4 38. e3 Nxf3 39. Rxf3 Qxf4 40. Nxf4 Rf6 41. g5 Rd6 42. Ne6+ 1-0